[Event "DVM U16 2019"]
[Site "Magedburg"]
[Date "2019.12.29"]
[Round "6"]
[White "Costa, Leonardo"]
[Black "Glinzner, Alva"]
[Result "0-1"]
[WhiteElo "2048"]
[BlackElo "1812"]
[Annotator "NA"]
[PlyCount "80"]
[EventDate "2019.12.27"]
[EventType "team-tourn"]
[EventRounds "7"]
[EventCountry "GER"]
[SourceTitle "playchess.com"]
[Source "ChessBase"]
[SourceQuality "1"]
[WhiteTeam "SK München Südost"]
[BlackTeam "Lübecker SV"]
[WhiteTeamCountry "GER"]
[BlackTeamCountry "GER"]
[TimeControl "40/5400+30:1800+30"]

1. e4 {[%emt 0:00:00]} c6 {[%emt 0:00:00]} 2. d4 {[%emt 0:00:00]} d5 {[%emt 0:00:00]} 3. exd5 {[%emt 0:00:00]} cxd5 {[%emt 0:00:00]} 4. Bd3 {[%emt 0:00:00]} Nc6 {[%emt 0:00:04]} 5. c3 {[%emt 0:00:00]} g6 {[%emt 0:00:13]} 6. Bf4 {[%emt 0:02:20]} Bg7 {[%emt 0:00:19]} 7. Nf3 {[%emt 0:00:31]} Nf6 {[%emt 0:00:35]} 8. O-O {[%emt 0:01:26]} O-O {[%emt 0:01:34]} 9. Re1 {[%emt 0:00:41]} Bf5 {[%emt 0:02:53]} 10. Bxf5 {[%emt 0:00:59]} gxf5 {[%emt 0:00:04]} 11. Ne5 {[%emt 0:16:46]} e6 {[%emt 0:06:37]} 12. Nxc6 {[%emt 0:00:20]} bxc6 {[%emt 0:00:07]} 13. Nd2 {[%emt 0:06:16]} Rc8 {[%emt 0:07:53]} 14. Nb3 {[%emt 0:02:20]} Ne4 {[%emt 0:03:07]} 15. f3 {[%emt 0:01:16]} Nd6 {[%emt 0:01:01]} 16. Bxd6 {[%emt 0:07:03]} Qxd6 {[%emt 0:00:10]} 17. Qd2 {[%emt 0:00:08]} Kh8 {[%emt 0:03:35]} 18. Rad1 {[%emt 0:03:33]} Rg8 {[%emt 0:01:32]} 19. Kh1 {[%emt 0:06:59]} Bf6 {[%emt 0:04:33]} 20. Rg1 {[%emt 0:09:05]} Bg5 {[%emt 0:08:00]} 21. Qe2 {[%emt 0:02:45]} f6 {[%emt 0:02:35]} 22. Rde1 {[%emt 0:01:18]} Rce8 {[%emt 0:00:08]} 23. Qd3 {[%emt 0:03:15]} f4 {[%emt 0:03:58]} 24. Re2 {[%emt 0:07:03]} Bh4 {[%emt 0:03:57]} 25. c4 {[%emt 0:05:45]} Rg6 {[%emt 0:06:11]} 26. cxd5 {[%emt 0:06:08]} cxd5 {[%emt 0:01:30]} 27. Rc1 e5 {[%emt 0:11:39]} 28. Qb5 {[%emt 0:02:22]} Reg8 {[%emt 0:00:48]} 29. Qc6 {[%emt 0:05:13]} Qxc6 {[%emt 0:05:19]} 30. Rxc6 {[%emt 0:00:05]} e4 {[%emt 0:00:06]} 31. Nd2 {[%emt 0:06:01]} e3 {[%emt 0:02:36]} 32. Nf1 {[%emt 0:00:56]} Bf2 {[%emt 0:03:53]} 33. g4 {[%emt 0:00:37]} f5 {[%emt 0:08:45]} 34. Rxg6 {[%emt 0:00:28]} Rxg6 {[%emt 0:02:53]} 35. h3 {[%emt 0:00:28]} h5 {[%emt 0:00:42]} 36. Nh2 {[%emt 0:01:02]} Rc6 {[%emt 0:00:47]} 37. Kg2 {[%emt 0:04:29]} Rc1 {[%emt 0:02:08]} 38. Rxf2 {[%emt 0:00:40]} exf2 {[%emt 0:00:06]} 39. Kxf2 {[%emt 0:00:04]} Rc2+ {[%emt 0:00:04]} 40. Kg1 {[%emt 0:00:06]} Rxb2 {[%emt 0:00:22] normal} 0-1

[Event "DVM U16 2019"]
[Site "Magedburg"]
[Date "2019.12.29"]
[Round "6"]
[White "Haufe, Laurin"]
[Black "Fidlin, Simon"]
[Result "1-0"]
[WhiteElo "2022"]
[BlackElo "1907"]
[Annotator "NA"]
[PlyCount "119"]
[EventDate "2019.12.27"]
[EventType "team-tourn"]
[EventRounds "7"]
[EventCountry "GER"]
[SourceTitle "playchess.com"]
[Source "ChessBase"]
[SourceQuality "1"]
[WhiteTeam "SG Leipzig"]
[BlackTeam "Karlsruher SF"]
[WhiteTeamCountry "GER"]
[TimeControl "40/5400+30:1800+30"]

1. e4 e6 2. d4 d5 3. Nc3 Bb4 4. exd5 exd5 5. Bd3 Nf6 6. Nge2 O-O 7. O-O Re8 8. Bg5 c6 9. Ng3 h6 10. Bf4 Bg4 11. Nce2 Nbd7 12. c3 Bf8 13. h3 Be6 14. Qc2 c5 15. Rfe1 Rc8 16. Bf5 Bxf5 17. Nxf5 Ne4 18. Qb3 Nb6 19. Neg3 Qf6 20. Be5 Qg6 21. Nh4 Qc6 22. Nxe4 dxe4 23. Nf5 Nd7 24. Bh2 Nf6 25. Rad1 Rcd8 26. Rd2 g6 27. Ne3 cxd4 28. cxd4 b6 29. Red1 Nd5 30. Rc2 Qe6 31. Rdc1 Nb4 32. Qxe6 Rxe6 33. Rc7 a5 34. d5 Nxd5 35. Rd1 Nxc7 36. Rxd8 Rc6 37. Rc8 Rc1+ 38. Nf1 e3 39. fxe3 Rc2 40. Bd6 Ne6 41. Rxc2 Bxd6 42. Kf2 Nc5 43. Kf3 Kg7 44. Nd2 Nd3 45. Rc3 Nxb2 46. Rc6 Bc5 47. Ke2 Na4 48. Ne4 Bb4 49. Kd3 f5 50. Rc7+ Kf8 51. Nf6 Bd6 52. Ra7 Be7 53. Nd5 Bc5 54. Kc2 Bd6 55. Rb7 Bg3 56. Nxb6 Nc5 57. Nd7+ Nxd7 {normal} 58. Rxd7 Bf2 {normal} 59. Kd2 g5 60. Rh7 1-0

[Event "DVM U16 2019"]
[Site "Magedburg"]
[Date "2019.12.29"]
[Round "6"]
[White "Rietschel, Tilo"]
[Black "Lohvinov, Petro"]
[Result "1/2-1/2"]
[WhiteElo "2005"]
[BlackElo "2032"]
[Annotator "NA"]
[PlyCount "83"]
[EventDate "2019.12.27"]
[EventType "team-tourn"]
[EventRounds "7"]
[EventCountry "GER"]
[SourceTitle "playchess.com"]
[Source "ChessBase"]
[SourceQuality "1"]
[WhiteTeam "Lübecker SV"]
[BlackTeam "SK München Südost"]
[WhiteTeamCountry "GER"]
[BlackTeamCountry "UKR"]
[TimeControl "40/5400+30:1800+30"]

1. e4 c5 2. Nf3 e6 3. d4 cxd4 4. Nxd4 a6 5. Bd3 Bc5 6. Nb3 Be7 7. Qg4 g6 8. Qe2 d6 9. O-O Nd7 10. Nc3 Qc7 11. a4 b6 12. f4 Bb7 13. Kh1 Ngf6 14. Bd2 h5 15. Nd4 h4 16. Kg1 h3 17. g3 d5 18. e5 Bc5 19. Be3 Ne4 20. Nxe4 dxe4 21. Bc4 O-O 22. c3 Rfc8 23. Bb3 Kg7 24. Rfd1 Nb8 25. Nc2 Bxe3+ 26. Nxe3 Nd7 27. Rd4 Nc5 28. Bc2 Rd8 29. Rad1 Nd3 30. Bxd3 exd3 31. R4xd3 Rxd3 32. Rxd3 Qc6 33. Kf2 Qh1 34. Ng4 a5 35. b3 b5 36. Qe3 bxa4 37. f5 Qg2+ 38. Ke1 Qe4 39. f6+ Kh7 40. bxa4 Qxg4 41. Rd4 Qe4 42. Rd3 {normal} 1/2-1/2

[Event "DVM U16 2019"]
[Site "Magedburg"]
[Date "2019.12.29"]
[Round "6"]
[White "Koll, Linus"]
[Black "Nguyen, Alex Dac-Vuong"]
[Result "1/2-1/2"]
[WhiteElo "1987"]
[BlackElo "2409"]
[Annotator "NA"]
[PlyCount "115"]
[EventDate "2019.12.27"]
[EventType "team-tourn"]
[EventRounds "7"]
[EventCountry "GER"]
[SourceTitle "playchess.com"]
[Source "ChessBase"]
[SourceQuality "1"]
[WhiteTeam "Karlsruher SF"]
[BlackTeam "SG Leipzig"]
[WhiteTeamCountry "GER"]
[BlackTeamCountry "GER"]
[TimeControl "40/5400+30:1800+30"]

1. e4 {[%emt 0:00:00]} c5 {[%emt 0:00:00]} 2. Nf3 {[%emt 0:00:00]} e6 {[%emt 0:00:00]} 3. d4 {[%emt 0:00:00]} cxd4 {[%emt 0:00:00]} 4. Nxd4 {[%emt 0:00:00]} a6 {[%emt 0:00:00]} 5. Bd3 {[%emt 0:00:00]} Nf6 {[%emt 0:00:00]} 6. O-O {[%emt 0:00:45]} Qc7 {[%emt 0:00:02]} 7. Qe2 {[%emt 0:03:18]} d6 {[%emt 0:01:06]} 8. c4 {[%emt 0:01:23]} g6 {[%emt 0:00:08]} 9. Nc3 {[%emt 0:04:34]} Bg7 {[%emt 0:00:13]} 10. Be3 {[%emt 0:07:32]} O-O {[%emt 0:00:36]} 11. Rac1 {[%emt 0:06:20]} Nbd7 {[%emt 0:02:00]} 12. b4 {[%emt 0:05:07]} b6 {[%emt 0:01:11]} 13. Nb3 {[%emt 0:04:07]} Bb7 {[%emt 0:00:54]} 14. f3 {[%emt 0:01:53]} Rac8 {[%emt 0:01:14]} 15. c5 {[%emt 0:11:25]} bxc5 {[%emt 0:11:24]} 16. bxc5 {[%emt 0:03:17]} Nxc5 {[%emt 0:00:23]} 17. Nxc5 {[%emt 0:00:45]} dxc5 {[%emt 0:00:08]} 18. Na4 {[%emt 0:01:08]} Nd7 {[%emt 0:02:05]} 19. Nxc5 {[%emt 0:03:44]} Nxc5 {[%emt 0:00:07]} 20. Bxc5 {[%emt 0:22:53]} Rfd8 {[%emt 0:00:19]} 21. Bxa6 {[%emt 0:03:27]} Bxa6 {[%emt 0:00:45]} 22. Qxa6 {[%emt 0:00:06]} Bd4+ {[%emt 0:03:09]} 23. Bxd4 {[%emt 0:00:27]} Qxc1 {[%emt 0:00:05]} 24. Rxc1 {[%emt 0:00:07]} Rxc1+ {[%emt 0:00:03]} 25. Kf2 {[%emt 0:00:07]} Rxd4 {[%emt 0:00:04]} 26. Ke3 {[%emt 0:10:37]} Rdc4 {[%emt 0:00:56]} 27. Kf4 {[%emt 0:00:51]} Kg7 {[%emt 0:02:13]} 28. Qd6 {[%emt 0:01:03]} Rc5 {[%emt 0:00:46]} 29. h4 {[%emt 0:06:56]} h6 {[%emt 0:00:21]} 30. Kg3 {[%emt 0:01:28]} g5 {[%emt 0:02:14]} 31. Qd4+ {[%emt 0:00:34]} Kg6 {[%emt 0:01:34]} 32. h5+ {[%emt 0:00:41]} Kh7 {[%emt 0:01:52]} 33. Qf6 {[%emt 0:00:12]} Rc7 {[%emt 0:00:05]} 34. Kg4 {[%emt 0:00:57]} R1c2 {[%emt 0:00:44]} 35. g3 {[%emt 0:00:28]} Rxa2 {[%emt 0:00:25]} 36. f4 {[%emt 0:00:49]} Ra5 {[%emt 0:01:32]} 37. Qd8 {[%emt 0:00:43]} Rac5 {[%emt 0:02:06]} 38. f5 {[%emt 0:00:36]} exf5+ {[%emt 0:00:48]} 39. exf5 {[%emt 0:00:06]} Rc8 {[%emt 0:00:32]} 40. Qd7 {[%emt 0:00:19]} Rc4+ {[%emt 0:01:00]} 41. Kh3 {[%emt 0:30:32]} Kg7 {[%emt 0:31:43]} 42. Qd6 {[%emt 0:00:50]} g4+ {[%emt 0:05:29]} 43. Kh4 {[%emt 0:00:00]} Re4 {[%emt 0:00:00]} 44. f6+ {[%emt 0:00:00]} Kg8 {[%emt 0:00:00]} 45. Qd2 {[%emt 0:00:00]} Kh7 {[%emt 0:00:00]} 46. Qd5 {[%emt 0:00:00]} Re6 {[%emt 0:00:00]} 47. Qf5+ {[%emt 0:00:00]} Kh8 {[%emt 0:00:00]} 48. Qf4 {[%emt 0:00:00]} Kh7 {[%emt 0:00:00]} 49. Qxg4 {[%emt 0:00:00]} Rg8 {[%emt 0:00:00]} 50. Qf5+ {[%emt 0:00:00]} Kh8 {[%emt 0:00:00]} 51. g4 {[%emt 0:00:00]} Rg5 {[%emt 0:00:00]} 52. Qf3 {[%emt 0:02:13]} Re8 {[%emt 0:00:00]} 53. Qb7 {[%emt 0:01:12]} Reg8 {[%emt 0:00:00]} 54. Qd7 {[%emt 0:00:50]} Rxg4+ {[%emt 0:00:00]} 55. Qxg4 {[%emt 0:00:32]} Rxg4+ {[%emt 0:00:00]} 56. Kxg4 {[%emt 0:00:04]} Kg8 {[%emt 0:00:00]} 57. Kf4 {[%emt 0:00:57]} Kf8 {[%emt 0:00:00]} 58. Kf5 {[%emt 0:01:42] normal} 1/2-1/2

[Event "DVM U16 2019"]
[Site "Magedburg"]
[Date "2019.12.29"]
[Round "6"]
[White "Bornholdt, Joa Max"]
[Black "Ponomarev, Maximilian"]
[Result "1-0"]
[WhiteElo "1890"]
[BlackElo "2046"]
[Annotator "NA"]
[PlyCount "49"]
[EventDate "2019.12.27"]
[EventType "team-tourn"]
[EventRounds "7"]
[EventCountry "GER"]
[SourceTitle "playchess.com"]
[Source "ChessBase"]
[SourceQuality "1"]
[WhiteTeam "Lübecker SV"]
[BlackTeam "SK München Südost"]
[WhiteTeamCountry "GER"]
[BlackTeamCountry "GER"]
[TimeControl "40/5400+30:1800+30"]

1. d4 d5 2. c4 dxc4 3. Nc3 Nf6 4. e3 e6 5. Bxc4 Be7 6. Nf3 O-O 7. O-O c5 8. Qe2 a6 9. a4 Qc7 10. Bd3 Nc6 11. Rd1 Bd7 12. h3 Rac8 13. dxc5 Bxc5 14. Ne4 Nxe4 15. Bxe4 f5 16. Bb1 Nb4 17. e4 Kh8 18. exf5 exf5 19. Ng5 h6 20. Bd2 f4 21. Bxb4 Bxb4 22. Ne6 Bxe6 23. Qxe6 Qf7 24. Qe4 g5 25. Qxb4 {normal} 1-0

[Event "DVM U16 2019"]
[Site "Magedburg"]
[Date "2019.12.29"]
[Round "6"]
[White "Kravtsov, Maksim"]
[Black "Wang, Ruiming"]
[Result "1-0"]
[WhiteElo "1784"]
[BlackElo "1808"]
[Annotator "NA"]
[PlyCount "93"]
[EventDate "2019.12.27"]
[EventType "team-tourn"]
[EventRounds "7"]
[EventCountry "GER"]
[SourceTitle "playchess.com"]
[Source "ChessBase"]
[SourceQuality "1"]
[WhiteTeam "Karlsruher SF"]
[BlackTeam "SG Leipzig"]
[WhiteTeamCountry "RUS"]
[BlackTeamCountry "GER"]
[TimeControl "40/5400+30:1800+30"]

1. d4 Nf6 2. c4 c5 3. d5 b5 4. Qc2 bxc4 5. e4 d6 6. Nd2 g6 7. Ngf3 Bg7 8. Nxc4 Nbd7 9. Be2 O-O 10. O-O Nb6 11. Bd2 Nxc4 12. Qxc4 a5 13. Qc2 Qb6 14. Rab1 Ba6 15. Bc3 Bxe2 16. Qxe2 Qa6 17. Qe3 Qc4 18. Nd2 Qa6 19. f4 Rfb8 20. Kh1 Rb6 21. Qf3 Nd7 22. Bxg7 Kxg7 23. Qc3+ f6 24. Rbe1 Kg8 25. Nf3 Rab8 26. b3 a4 27. e5 axb3 28. exf6 exf6 29. Qe3 Nf8 30. axb3 Rxb3 31. Qe7 R8b7 32. Qxf6 Rf7 33. Qh4 Re3 34. Ng5 Rfe7 35. Ne6 Rxe1 36. Rxe1 Rf7 37. h3 Qc4 38. Qg5 Rf5 39. Qe7 Rf7 40. Qxd6 Qb4 41. Rc1 g5 42. Nxf8 Rxf8 43. Qe6+ Rf7 44. fxg5 Qf4 45. Re1 {normal} Qxg5 {normal} 46. d6 {normal} Qd2 {normal} 47. Rf1 {normal} 1-0

[Event "DVM U16 2019"]
[Site "Magedburg"]
[Date "2019.12.29"]
[Round "6"]
[White "Klaas, Heiko"]
[Black "Gluma, Christian"]
[Result "0-1"]
[WhiteElo "1759"]
[BlackElo "1856"]
[Annotator "NA"]
[PlyCount "117"]
[EventDate "2019.12.27"]
[EventType "team-tourn"]
[EventRounds "7"]
[EventCountry "GER"]
[SourceTitle "playchess.com"]
[Source "ChessBase"]
[SourceQuality "1"]
[WhiteTeam "Hamburger SK"]
[BlackTeam "SG Bochum"]
[WhiteTeamCountry "GER"]
[TimeControl "40/5400+30:1800+30"]

1. e4 {[%emt 0:00:00]} g6 {[%emt 0:00:00]} 2. d4 {[%emt 0:00:00]} Bg7 {[%emt 0:00:00]} 3. Bc4 {[%emt 0:00:17]} c6 {[%emt 0:00:00]} 4. Nf3 {[%emt 0:05:03]} d5 {[%emt 0:00:18]} 5. exd5 {[%emt 0:00:24]} cxd5 {[%emt 0:00:06]} 6. Be2 {[%emt 0:00:58]} Nc6 {[%emt 0:02:38]} 7. O-O {[%emt 0:00:45]} Nf6 {[%emt 0:00:30]} 8. Nc3 {[%emt 0:01:35]} O-O {[%emt 0:01:50]} 9. Bf4 {[%emt 0:05:52]} Bf5 {[%emt 0:06:17]} 10. Ne5 {[%emt 0:07:15]} Nd7 {[%emt 0:18:43]} 11. Nxc6 {[%emt 0:18:43]} bxc6 {[%emt 0:00:06]} 12. Bd3 {[%emt 0:07:32]} Bxd3 {[%emt 0:02:46]} 13. Qxd3 {[%emt 0:01:20]} Qb6 {[%emt 0:03:42]} 14. Ne2 {[%emt 0:00:53]} e5 {[%emt 0:10:31]} 15. dxe5 {[%emt 0:01:53]} Nxe5 {[%emt 0:01:15]} 16. Qg3 {[%emt 0:04:06]} Rfe8 {[%emt 0:09:18]} 17. Rab1 {[%emt 0:07:36]} Nc4 {[%emt 0:02:55]} 18. Nc3 {[%emt 0:03:15]} Re6 {[%emt 0:13:14]} 19. Na4 {[%emt 0:06:55]} Qb5 {[%emt 0:03:23]} 20. b3 {[%emt 0:03:43]} Na3 {[%emt 0:01:32]} 21. Rbc1 {[%emt 0:02:18]} Rae8 {[%emt 0:04:15]} 22. Bd6 {[%emt 0:04:04]} Nxc2 {[%emt 0:03:46]} 23. h3 {[%emt 0:06:34]} Nd4 {[%emt 0:01:38]} 24. Nc3 {[%emt 0:00:15]} Qa5 {[%emt 0:02:41]} 25. Bc7 {[%emt 0:01:16]} Qxc3 {[%emt 0:06:04]} 26. Rxc3 {[%emt 0:00:09]} Ne2+ {[%emt 0:00:05]} 27. Kh2 {[%emt 0:00:14]} Nxg3 {[%emt 0:00:08]} 28. Rxg3 {[%emt 0:00:02]} Re2 {[%emt 0:00:41]} 29. a4 {[%emt 0:00:35]} Rc2 {[%emt 0:01:42]} 30. f4 {[%emt 0:01:13]} Re4 {[%emt 0:02:11]} 31. f5 {[%emt 0:02:03]} c5 {[%emt 0:01:18]} 32. f6 {[%emt 0:05:06]} Bh6 {[%emt 0:00:31]} 33. Bd6 {[%emt 0:02:11]} d4 {[%emt 0:00:38]} 34. Rg4 {[%emt 0:00:48]} Rxg4 {[%emt 0:00:33]} 35. hxg4 {[%emt 0:00:05]} Be3 {[%emt 0:00:45]} 36. Rd1 {[%emt 0:00:21]} h6 {[%emt 0:00:53]} 37. Be5 {[%emt 0:00:52]} Rd2 {[%emt 0:00:43]} 38. Rxd2 {[%emt 0:00:47]} Bxd2 {[%emt 0:00:06]} 39. Kg1 {[%emt 0:00:04]} Bb4 {[%emt 0:00:52]} 40. Kf2 {[%emt 0:00:43]} Kf8 {[%emt 0:00:10]} 41. Ke2 {[%emt 0:30:23]} Ke8 {[%emt 0:30:20]} 42. Bd6 {[%emt 0:00:55]} Kd7 {[%emt 0:00:00]} 43. Bf8 {[%emt 0:00:00]} h5 {[%emt 0:00:00]} 44. gxh5 {[%emt 0:00:00]} gxh5 {[%emt 0:00:00]} 45. Be7 {[%emt 0:00:00]} Ke6 {[%emt 0:00:00]} 46. Kd3 {[%emt 0:00:00]} Kf5 {[%emt 0:00:00]} 47. Bd8 {[%emt 0:00:00]} a5 {[%emt 0:00:00]} 48. Bc7 {[%emt 0:00:00]} Kxf6 {[%emt 0:00:00]} 49. Ke4 {[%emt 0:00:00]} Ke6 {[%emt 0:00:00]} 50. Bg3 {[%emt 0:00:00]} f5+ {[%emt 0:00:00]} 51. Kd3 {[%emt 0:00:00]} Kf6 {[%emt 0:00:00]} 52. Bf4 {[%emt 0:00:00]} h4 {[%emt 0:00:00]} 53. Ke2 {[%emt 0:00:00]} Kg6 {[%emt 0:00:00]} 54. Kd3 {[%emt 0:00:00]} Kh5 {[%emt 0:00:00]} 55. Bb8 {[%emt 0:00:00]} Kg4 {[%emt 0:00:00]} 56. Bc7 {[%emt 0:00:00]} h3 {[%emt 0:00:21]} 57. gxh3+ {[%emt 0:00:00]} Kxh3 {[%emt 0:00:04]} 58. Be5 {[%emt 0:00:00]} Kg4 {[%emt 0:00:49]} 59. Bh2 {[%emt 0:00:00] normal} 0-1

[Event "DVM U16 2019"]
[Site "Magedburg"]
[Date "2019.12.29"]
[Round "6"]
[White "Baranyai-Molnar, Adam-Kristof"]
[Black "Henning, Marvin"]
[Result "1-0"]
[WhiteElo "1756"]
[BlackElo "1972"]
[Annotator "NA"]
[PlyCount "109"]
[EventDate "2019.12.27"]
[EventType "team-tourn"]
[EventRounds "7"]
[EventCountry "GER"]
[SourceTitle "playchess.com"]
[Source "ChessBase"]
[SourceQuality "1"]
[WhiteTeam "SF Neuberg"]
[BlackTeam "Reideburger SV 90 Halle"]
[BlackTeamCountry "GER"]
[TimeControl "40/5400+30:1800+30"]

1. e4 {[%emt 0:00:00]} d5 {[%emt 0:00:00]} 2. exd5 {[%emt 0:00:00]} Qxd5 {[%emt 0:00:00]} 3. Nf3 {[%emt 0:00:00]} Nf6 {[%emt 0:00:00]} 4. d4 {[%emt 0:00:00]} a6 {[%emt 0:00:24]} 5. c4 {[%emt 0:04:39]} Qd8 {[%emt 0:00:27]} 6. Nc3 {[%emt 0:00:17]} g6 {[%emt 0:01:26]} 7. Be2 {[%emt 0:00:57]} Bg7 {[%emt 0:00:08]} 8. O-O {[%emt 0:00:19]} O-O {[%emt 0:00:07]} 9. h3 {[%emt 0:02:51]} c6 {[%emt 0:00:27]} 10. Be3 {[%emt 0:00:52]} Nbd7 {[%emt 0:01:40]} 11. Qb3 {[%emt 0:02:30]} Re8 {[%emt 0:03:50]} 12. Rad1 {[%emt 0:01:34]} e6 {[%emt 0:11:14]} 13. Ne5 {[%emt 0:04:21]} Qa5 {[%emt 0:04:09]} 14. f4 {[%emt 0:01:13]} c5 {[%emt 0:01:59]} 15. Kh1 {[%emt 0:05:43]} cxd4 {[%emt 0:05:17]} 16. Bxd4 {[%emt 0:00:05]} Qc7 {[%emt 0:02:39]} 17. Bf3 {[%emt 0:03:16]} h6 {[%emt 0:11:06]} 18. Rfe1 {[%emt 0:01:11]} Rd8 {[%emt 0:12:21]} 19. Na4 {[%emt 0:01:22]} Rb8 {[%emt 0:07:04]} 20. Bb6 {[%emt 0:14:16]} Nxb6 {[%emt 0:00:17]} 21. Qxb6 {[%emt 0:00:07]} Qxb6 {[%emt 0:00:36]} 22. Nxb6 {[%emt 0:00:05]} Re8 {[%emt 0:00:52]} 23. b4 {[%emt 0:00:14]} g5 {[%emt 0:00:48]} 24. g3 {[%emt 0:00:41]} Bf8 {[%emt 0:01:27]} 25. c5 {[%emt 0:00:12]} Be7 {[%emt 0:01:52]} 26. Re2 {[%emt 0:01:14]} Kg7 {[%emt 0:04:17]} 27. Rc2 {[%emt 0:05:01]} Rf8 {[%emt 0:02:55]} 28. a4 {[%emt 0:00:37]} Nd5 {[%emt 0:08:26]} 29. Bxd5 {[%emt 0:01:03]} exd5 {[%emt 0:00:05]} 30. Ned7 {[%emt 0:00:06]} Bxd7 {[%emt 0:00:28]} 31. Nxd7 {[%emt 0:00:04]} Rbd8 {[%emt 0:00:35]} 32. Nxf8 {[%emt 0:00:07]} Bxf8 {[%emt 0:00:05]} 33. fxg5 {[%emt 0:00:29]} hxg5 {[%emt 0:00:03]} 34. Rcd2 {[%emt 0:00:12]} Be7 {[%emt 0:02:39]} 35. Rxd5 {[%emt 0:00:31]} Rb8 {[%emt 0:00:10]} 36. Rd7 {[%emt 0:01:14]} Bf6 {[%emt 0:00:07]} 37. Re1 {[%emt 0:00:21]} Kg6 {[%emt 0:02:12]} 38. b5 {[%emt 0:01:24]} axb5 {[%emt 0:00:21]} 39. axb5 {[%emt 0:00:06]} Rc8 {[%emt 0:01:39]} 40. Rc1 {[%emt 0:00:26]} Rb8 {[%emt 0:02:03]} 41. b6 {[%emt 0:30:46]} Be5 {[%emt 0:32:00]} 42. Kg2 {[%emt 0:00:21]} f6 {[%emt 0:00:19]} 43. Rc2 {[%emt 0:00:51]} Kf5 {[%emt 0:00:27]} 44. g4+ {[%emt 0:01:02]} Ke6 {[%emt 0:00:06]} 45. Rd3 {[%emt 0:03:36]} Rc8 {[%emt 0:02:44]} 46. c6 {[%emt 0:00:49]} bxc6 {[%emt 0:00:21]} 47. b7 {[%emt 0:00:10]} Rb8 {[%emt 0:00:05]} 48. Rxc6+ {[%emt 0:00:07]} Ke7 {[%emt 0:00:03]} 49. Rb6 {[%emt 0:00:33]} Bf4 {[%emt 0:01:30]} 50. Kf3 {[%emt 0:00:29]} Re8 {[%emt 0:01:11]} 51. h4 {[%emt 0:01:29]} Rb8 {[%emt 0:01:23]} 52. h5 {[%emt 0:00:55]} Bc7 {[%emt 0:00:32]} 53. Rb4 {[%emt 0:00:44]} Ke6 {[%emt 0:01:27]} 54. Re4+ {[%emt 0:02:51]} Be5 {[%emt 0:00:15] normal} 55. Rb3 {[%emt 0:00:12] normal} 1-0

[Event "DVM U16 2019"]
[Site "Magedburg"]
[Date "2019.12.29"]
[Round "6"]
[White "Seidel, Arne-Christian"]
[Black "Kolzenburg, Jan Niklas"]
[Result "1-0"]
[WhiteElo "1636"]
[BlackElo "1648"]
[Annotator "NA"]
[PlyCount "75"]
[EventDate "2019.12.27"]
[EventType "team-tourn"]
[EventRounds "7"]
[EventCountry "GER"]
[SourceTitle "playchess.com"]
[Source "ChessBase"]
[SourceQuality "1"]
[WhiteTeam "Reideburger SV 90 Halle"]
[BlackTeam "SF Neuberg"]
[WhiteTeamCountry "GER"]
[TimeControl "40/5400+30:1800+30"]

1. d4 {[%emt 0:00:00]} d5 {[%emt 0:00:00]} 2. c4 {[%emt 0:00:00]} e6 {[%emt 0:00:00]} 3. Nf3 {[%emt 0:00:13]} Nf6 {[%emt 0:01:40]} 4. g3 {[%emt 0:01:00]} Be7 {[%emt 0:02:03]} 5. Bg2 {[%emt 0:00:14]} O-O {[%emt 0:00:45]} 6. O-O {[%emt 0:00:07]} Nbd7 {[%emt 0:05:30]} 7. Nbd2 {[%emt 0:04:12]} c6 {[%emt 0:11:27]} 8. Qc2 {[%emt 0:00:55]} Re8 {[%emt 0:08:07]} 9. Rd1 {[%emt 0:03:21]} Bf8 {[%emt 0:07:29]} 10. e4 {[%emt 0:02:12]} dxe4 {[%emt 0:02:21]} 11. Nxe4 {[%emt 0:00:16]} Nxe4 {[%emt 0:02:30]} 12. Qxe4 {[%emt 0:00:08]} Nf6 {[%emt 0:01:37]} 13. Qc2 {[%emt 0:00:15]} Bd6 {[%emt 0:08:48]} 14. a3 {[%emt 0:09:40]} Qa5 {[%emt 0:07:26]} 15. Bg5 {[%emt 0:02:33]} Nd7 {[%emt 0:08:10]} 16. b4 {[%emt 0:00:56]} Qf5 {[%emt 0:03:43]} 17. Qd2 {[%emt 0:06:02]} Be7 {[%emt 0:05:49]} 18. Bf4 {[%emt 0:02:45]} h6 {[%emt 0:03:24]} 19. Re1 {[%emt 0:14:51]} g5 {[%emt 0:01:26]} 20. Bc7 {[%emt 0:00:55]} Bd8 {[%emt 0:02:09]} 21. Bd6 {[%emt 0:01:47]} Be7 {[%emt 0:02:06]} 22. Bxe7 {[%emt 0:00:32]} Rxe7 {[%emt 0:00:04]} 23. d5 {[%emt 0:00:19]} cxd5 {[%emt 0:01:07]} 24. cxd5 {[%emt 0:00:32]} e5 {[%emt 0:01:51]} 25. Nd4 {[%emt 0:01:22]} Qf6 {[%emt 0:02:30]} 26. Nb5 {[%emt 0:00:40]} Nb6 {[%emt 0:02:08]} 27. Rad1 {[%emt 0:23:56]} Nc4 {[%emt 0:01:09]} 28. Qc3 {[%emt 0:00:46]} Nd6 {[%emt 0:01:31]} 29. Nxd6 {[%emt 0:03:19]} Qxd6 {[%emt 0:00:08]} 30. Qc5 {[%emt 0:00:17]} Qf6 {[%emt 0:01:57]} 31. d6 {[%emt 0:00:28]} Rd7 {[%emt 0:01:36]} 32. Bh3 {[%emt 0:03:57]} Rd8 {[%emt 0:01:14]} 33. d7 {[%emt 0:00:26]} Bxd7 {[%emt 0:00:25]} 34. Bxd7 {[%emt 0:01:04]} Qf3 {[%emt 0:01:48]} 35. a4 {[%emt 0:01:46]} g4 {[%emt 0:00:34]} 36. Qxe5 {[%emt 0:00:29]} Rac8 {[%emt 0:01:31]} 37. Qd4 {[%emt 0:05:54]} Rc7 {[%emt 0:00:56]} 38. Qxg4+ {[%emt 0:00:10] normal} 1-0